000 00597naa a2200217 i 4500
001 14369
003 ES-MaBCM
005 20241016091842.0
008 910514s1991 bel 000 0 eng d
021 _axx
035 _a(OCoLC)1365230763
040 _cES-MaBCM
041 0 _aeng
043 _abel
100 1 _aWieck, Hans George
_949399
245 1 4 _aThe Soviet Union in transition
_cHans George Wieck
650 2 7 _aCambio de régimen político
_957801
651 2 0 _aURSS
_9117135
773 0 _aEn:
_tStudia diplomatica
_dBruxelles : 1991
_w104622
_gnº 1 (1989) y 1 (1991)
942 _cAREV
999 _c14369
_d14369